Calculus of variations with applications (Record no. 12816)

000 -LEADER
fixed length control field 00523nam a22001817a 4500
008 - FIXED-LENGTH DATA ELEMENTS--GENERAL INFORMATION
fixed length control field 250904b 2023 ||||| |||| 00| 0 eng d
020 ## - INTERNATIONAL STANDARD BOOK NUMBER
International Standard Book Number 9788120311206
082 ## - DEWEY DECIMAL CLASSIFICATION NUMBER
Classification number 515
Item number GUP
100 ## - MAIN ENTRY--PERSONAL NAME
Personal name Gupta, A. S.
245 ## - TITLE STATEMENT
Title Calculus of variations with applications
250 ## - EDITION STATEMENT
Edition statement 2nd ed.
260 ## - PUBLICATION, DISTRIBUTION, ETC. (IMPRINT)
Place of publication, distribution, etc Delhi
Name of publisher, distributor, etc PHI Learning Pvt Ltd
Date of publication, distribution, etc 2023
300 ## - PHYSICAL DESCRIPTION
Extent vii, 241pgs.
650 ## - SUBJECT ADDED ENTRY--TOPICAL TERM
Topical term or geographic name as entry element Variational problems with fixed boundaries
650 ## - SUBJECT ADDED ENTRY--TOPICAL TERM
Topical term or geographic name as entry element Sufficient conditions for an extemum
650 ## - SUBJECT ADDED ENTRY--TOPICAL TERM
Topical term or geographic name as entry element Eigenvalue problems
942 ## - ADDED ENTRY ELEMENTS (KOHA)
Item type Books
Holdings
Withdrawn status Lost status Source of classification or shelving scheme Damaged status Not for loan Collection code Permanent location Current location Shelving location Date acquired Full call number Barcode Date last seen Koha item type Public note
          Non-fiction IMU-MPC Library IMU-MPC Library General Stacks 2025-09-04 515 GUP MPC7031 2025-09-04 Books Column - 24
Copyright © 2021 Indian Maritime University, Mumbai Port Campus. All Rights Reserved. Managed & Maintained by Central Library, IMU-Mumbai

webs counters

Powered by Koha